| 000 | 00659cam a22002293a 4500 | ||
|---|---|---|---|
| 001 | 29364 | ||
| 003 | PGUSA | ||
| 005 | 20140828083632.0 | ||
| 008 | 090710s2009||||xxu|||||s|||||000 | eng d | ||
| 040 |
_aPGUSA _beng |
||
| 042 | _adc | ||
| 050 | 4 | _aHG | |
| 100 | 1 |
_aEscher, Franklin, _d1881- |
|
| 245 | 1 | 0 |
_aElements of Foreign Exchange : _bA Foreign Exchange Primer _h[electronic resource] / _cFranklin Escher |
| 260 |
_bProject Gutenberg, _c2009 |
||
| 506 | _aPublic domain in the USA. | ||
| 516 | _aElectronic text | ||
| 653 | _aForeign exchange | ||
| 830 | 0 |
_aProject Gutenberg _v29364 |
|
| 856 | 4 | 0 | _uhttp://www.gutenberg.org/ebooks/29364 |
| 942 | _cEB | ||
| 999 |
_c258619 _d258619 |
||